000 00708nam a2200241 a 4500
001 000036140
003 DO-SdBNP
005 20241106114633.0
007 000036140
008 100301s 20uu dr 000 f spa d
040 _aBPMSU
_bspa
_cBPMSU
082 4 _a863.3
_bC419n
_222
100 1 _aCervantes Saavedra, Miguel de,
_d1547-1616.
_935
245 1 0 _aNovelas ejemplares /
_cMiguel de Cervantes Saavedra.
260 _aSanto Domingo :
_bEditora Escolar Antillana,
_c[200-?]
300 _a457 p. ;
_c20 cm.
490 0 _aObras maestras
500 _aEdición con estudio preliminar
590 _a Inventariado, 2024/VM
650 4 _aNovela española
650 4 _aLiteratura española
942 _2ddc
_cBK
999 _c7885
_d7885